VR Games - Statistics

General Stats
  • This quiz has been taken 88 times
  • The average score is 3 of 17
Answer Stats
Games % Correct
Gorilla Tag
71%
Beat Saber
68%
Rec Room
40%
VRChat
39%
Job Simulator
26%
Superhot VR
24%
Boneworks
17%
Echo VR
15%
Pavlov Shack
8%
I Expect You To Die
6%
Fnaf Help Wanted
4%
Angry Birds VR
1%
Creed Rise To Glory
1%
Drunkn Bar Fight
1%
Fruit Ninja
1%
Hand Physics Lab
1%
Prison Boss VR
1%
No matching quizzes found
Score Distribution
Percent of People with Each Score
Percentile by Number Answered
Your Score History
You have not taken this quiz